Crappy Comic Villains - Statistics

General Stats
  • This quiz has been taken 21 times
  • The average score is 6 of 16
Answer Stats
Picture Answer % Correct
Condiment King
75%
The Wall
75%
Clock King
56%
Big Wheel
50%
Gentleman Ghost
50%
Armless Tiger Man
38%
The Tickler
38%
Crazy Quilt
31%
Codpiece
25%
Egg Fu
25%
Painter
25%
Asbestos Lady
19%
Doctor Bong
19%
Penny Plunderer
19%
Slug
19%
Ruby Thursday
13%
No matching quizzes found
Score Distribution
Percent of People with Each Score
Percentile by Number Answered
Your Score History
You have not taken this quiz